Statistiques concernant Le quiz des années 2000

Cliquez ici pour prendre le quiz!

Statistiques générales

  • Ce quiz a été pris 40 596 fois
  • Le résultat moyen est 14 sur 30

Statistiques - réponses

QuestionRéponse% Correct
Mandat présidentiel qui remplace le septennat suite à un référendum en 2000Le quinquennat
84%
Personnage de Jean Dujardin qui aime "casser" dans un film en 2005Brice de Nice
77%
Perd son statut de "neuvième planète du Système solaire" en 2006Pluton
77%
Complexe new-yorkais où se situaient les Tours jumelles, détruites suite à une attaque terroriste le 11 septembre 2001Le World Trade Center
69%
Phénomène de danse électro qui était populaire de 2006 à 2007, notamment en apparaîssant dans des clips comme Alive! de MondotekLa Tecktonik
68%
Chanteur révélé par le site internet My Major Company auteur de toi + moi en 2008 Grégoire
67%
Chanteuse vainqueur de la première saison de la Star AcademyJenifer
66%
Pape décédé le 2 avril 2005 au VaticanJean-Paul II
63%
Cycliste surnommé "Le Boss" qui a remporté 7 Tours de France de 1999 à 2005 avant de se les voir retirer pour des raisons de dopageLance Armstrong
59%
Organisation réintégrant la France en 2007L'OTAN
56%
Footballeur italien à l'origine du "coup de boule" de Zinédine Zidane lors de la finale de la coupe du monde de football en 2006Marco Materazzi
56%
Pays qui a déjoué les pronostics en remportant l'Euro de football en 2004La Grèce
54%
Radio française liée à un site de blogs populaire dans les années 2000Skyrock
54%
Pays vainqueur de la coupe du monde de rugby en 2007L'Afrique du Sud
53%
Groupe moldave devenu célèbre suite au succès de son tube Dragostea Din Tei en 2002O-Zone
53%
Groupe allemand formé en 2001 et dont le chanteur principal est Bill KaulitzTokio Hotel
49%
Pays actuel qui formait un état fédéral avec la Serbie de 2003 à 2006Le Monténégro
48%
Nom de la marque pour la jeunesse de France 5 rattachée à des émissions "Debout...", "Midi..." ou "Bonsoir..."Les Zouzous
48%
Film de 2008 dans lequel un jeune indien du nom de Jamal Malik participe à l'émission TV Qui veut gagner des millions ?Slumdog Millionaire
48%
Jeu TV présenté par Jean-Luc Reichman tous les midis sur TF1 de 2001 à 2010Attention à la marche !
45%
Nom donné aux alertes qui avaient pour effet de secouer l'écran de discussion sur MSN Messenger / Windows Live MessengerLe wizz
45%
Ville hôte des Jeux olympiques d'été de 2000Sydney
39%
Chanson à succès dans laquelle la jeune Ilona Mitrecey imagine un "dessin sans nuage" en 2005Un monde parfait
28%
Candidat démocrate opposé à Georges W. Bush lors des élections présidentielles américaines de 2000Al Gore
25%
Chanteur qui a été révélé au grand public grâce à son rôle de Pierre Morhange dans Les Choristes en 2004Jean-Baptiste Maunier
24%
Néologisme désignant le phénomène de société au début des années 2000 dû au succès de la licence PokémonLa Pokémania
24%
Joueuse de tennis ayant remporté l'Open d'Australie et Wimbledon en 2006Amélie Mauresmo
23%
Film qui a vu son thème être repris par Crazy Frog en 2005Le Flic de Beverly Hills
18%
Île au large de laquelle a été découvert le volcan Empédocle en 2006La Sicile
14%
Ancienne filiale de France Télécom / Orange qui était un fournisseur d'accès à Internet de 1995 à 2006Wanadoo
14%

Distribution des résultats

Percentile par nombre de réponses

% des personnes avec chaque résultat

Votre développement - résultats

Vous n’avez pas pris ce quiz